| 000 | 00785nam a2200241Ia 4500 | ||
|---|---|---|---|
| 003 | OSt | ||
| 005 | 20220925184349.0 | ||
| 006 | a|||||r|||| 00| 0 | ||
| 007 | ta | ||
| 008 | 220923b |||||||| |||| 00| 0 eng d | ||
| 037 | _cGeneral Book | ||
| 040 |
_aRTL _cRTL _beng |
||
| 041 |
_2eng _aeng |
||
| 082 | _aX9(D5,1):531.2.N53t, J5/GD | ||
| 110 |
_aIndia, Government of..... Tariff (Commission of...) _9261279 |
||
| 245 | 0 | _aReport on the automobile hand tyre inflator industry | |
| 260 |
_aDelhi _bManager of Publications India _c1955 |
||
| 300 |
_aiv, 28p. _ccm. |
||
| 650 | _aTyre Industry | ||
| 700 |
_aIndia, Government of..... Tariff (Commission of...) _9261280 |
||
| 942 |
_hX9(D5,1):531.2.N53t, J5/GD _cGB _2CC |
||
| 999 |
_c507551 _d507551 |
||